Castellano : primer curso /

Guardado en:
Autor Principal: Molina De Cogorno, Graciela E
Formato: Libro
Publicado: Buenos Aires : Troquel, 1979
Edición:18a. ed.
Materias:
Etiquetas: Agregar Etiqueta
Sin Etiquetas, Sea el primero en etiquetar este registro!
LEADER 00458nam a22001695a 4500
001 CEM.cems004472
005 20060216000000.0
008 130507s1979##################000#0#####d
003 CEMS
082 0 4 |a 468 
100 1 |a Molina De Cogorno, Graciela E 
245 1 0 |a Castellano :  |b primer curso / 
250 |a 18a. ed. 
260 |a Buenos Aires :  |b Troquel,  |c 1979 
300 |a 276 p. 
653 |a Lengua 
859 |a CEMS  |b BIB. CEMS - 11 de abril  |h 468  |i M733a18/I  |p 8180.80  |t Ej.1